00956nam a22002537a 4500003001400000005001700014008004100031020001500072040002800087041000800115082002200123100001800145245004700163246001400210250001400224260003800238300002300276505023200299650002100531900001600552942001200568952010500580999001700685KOHA_MİRAKIL20260420072917.0260416b tu ||||| |||| 00| 0 tur d a9755332553 aTR-AnABBbturcTR-AnABB atur a956.103bBAY 19991 aBaykam, Bedri10a68'li yıllar :bTanıklar /cBedri Baykam aTanıklar a1. baskı aAnkara :bİmge yayınevi,c1999 a340 sayfa ;c20 cm aİçindekiler: Sadun Eren - Toktamış Ateş - Muhsin Batur, Halit Çelen - Raif Ertem - Cemil Gezmiş - Celil Gürkan - Rasih Nuri İleri Ahmet Güryüz Ketenci - Ergin Konuksever - İlhan Selçuk - Necdet Uğur04aTarih, Türkiye bCan ÇELIK 2ddccBK 00102ddc70aRUKbRUKd2026-04-16l0o956.103 BAY 1999pRK7171r2026-04-16 07:10:59w2026-04-16yBK c10280d10280